000 00677nam a2200241Ia 4500
003 OSt
005 20220918222835.0
006 a|||||r|||| 00| 0
007 ta
008 220917b |||||||| |||| 00| 0 eng d
024 _a218,522
037 _cTextual
040 _aARTS
_cARTS
_beng
041 _2eng
_aeng
082 _aV1TH:19.N7, M0;2
100 _aMohammed Ayoob Ed.
_997738
245 0 _aConflict and intervention in the Third World
260 _aNew Delhi
_bVikas Publising House Pvt Ltd India
_c1980
300 _aix,261p.
_ccm.
650 _aHISTORY
942 _hV1TH:19.N7, M0;2
_cTEXL
_2CC
999 _c276619
_d276619